|
|
|
|
| LEADER |
00903nam a2200253 4500 |
| 001 |
c000019880 |
| 003 |
CARM |
| 005 |
00000000000000.0 |
| 008 |
910827s1939 enk 00010 eng |
| 010 |
|
|
|a 40014951
|
| 019 |
1 |
|
|a 8330011
|z 10689780
|5 LACONCORD2021
|
| 035 |
|
|
|a (OCoLC)2139229
|5 LACONCORD2021
|
| 043 |
|
|
|a e------
|
| 050 |
0 |
0 |
|a D443
|b .B57
|
| 100 |
1 |
|
|a Blyton, W. J.
|q (William Joseph),
|d 1887-
|
| 245 |
1 |
0 |
|a Anglo-German future
|c [by] W. J. Blyton.
|
| 260 |
|
|
|a London,
|b The National Book Association ; Hutchinson
|c [1939]
|
| 300 |
|
|
|a 185 p.
|c 23cm.
|
| 650 |
|
0 |
|a Colonies.
|
| 651 |
|
0 |
|a Europe
|x Politics and government
|y 1918-1945.
|
| 852 |
8 |
|
|b CARM
|h A2:AF33B0
|i B01244
|p 0064313
|f BK
|
| 082 |
0 |
4 |
|a 940.52
|
| 999 |
f |
f |
|i d3f2592f-763c-5d88-afa2-39e6d65bb316
|s ea1fc54a-53fb-5901-8d14-1757193b15a8
|
| 952 |
f |
f |
|p Can circulate
|a CAVAL
|b CAVAL
|c CAVAL
|d CARM 1 Store
|e B01244
|f A2:AF33B0
|h Other scheme
|i book
|m 0064313
|